00539pab a2200169 454500008004000000100001800040245006700058260000900125300001500134362000800149650003000157650001400187773003300201909001100234999001900245952010500264180718b2015 xxu||||| |||| 00| 0 eng d aRoy, Indrajit aUtopia in crisis? subaltern imaginations in contemporary Bihar c2015 ap.640-659. aNov aEthnology - India - Bihar aEthnology aJournal of Contemporary Asia a109458 c109453d109453 00104070aIIPAbIIPAd2018-07-19hVolume no: 45, Issue no: 4pAR109918r2018-07-19w2018-07-19yAR